Alchemist (Record no. 4478)
[ view plain ]
| 000 -LEADER | |
|---|---|
| fixed length control field | 00362nam a2200157Ia 4500 |
| 003 - CONTROL NUMBER IDENTIFIER | |
| control field | OSt |
| 008 - FIXED-LENGTH DATA ELEMENTS--GENERAL INFORMATION | |
| fixed length control field | 191201s2009 xx 000 0 und d |
| 082 ## - DEWEY DECIMAL CLASSIFICATION NUMBER | |
| Classification number | 080 |
| Item number | COA |
| 100 ## - MAIN ENTRY--PERSONAL NAME | |
| Personal name | COELHO,Paulo |
| 245 #0 - TITLE STATEMENT | |
| Title | Alchemist |
| 250 ## - EDITION STATEMENT | |
| Edition statement | 46th IMP |
| 260 ## - PUBLICATION, DISTRIBUTION, ETC. (IMPRINT) | |
| Place of publication, distribution, etc | New Delhi |
| Name of publisher, distributor, etc | Harper Collins Publishers London |
| Date of publication, distribution, etc | 2009 |
| 300 ## - PHYSICAL DESCRIPTION | |
| Extent | 155+MISC |
| 650 ## - SUBJECT ADDED ENTRY--TOPICAL TERM | |
| Topical term or geographic name as entry element | BBA |
| 942 ## - ADDED ENTRY ELEMENTS (KOHA) | |
| Source of classification or shelving scheme | Dewey Decimal Classification |
| Koha item type | Text Books |
| Withdrawn status | Lost status | Source of classification or shelving scheme | Damaged status | Not for loan | Collection code | Home library | Current library | Date acquired | Source of acquisition | Cost, normal purchase price | Bill Number | Total Checkouts | Full call number | Acc. no. / Barcode | Date last seen | Date last borrowed | Bill Date | Koha item type | Public note | Checked out |
|---|---|---|---|---|---|---|---|---|---|---|---|---|---|---|---|---|---|---|---|---|
| Dewey Decimal Classification | GENERAL | PIET C-LIBRARY | PIET C-LIBRARY | 26/04/2010 | J B C, New Delhi | 250.00 | SI-4915 | 6 | 080 COA | 15181 | 25/07/2024 | 11/07/2024 | 11/03/2010 | Text Books | Stories and Novels | |||||
| Dewey Decimal Classification | GENERAL | PIET C-LIBRARY | PIET C-LIBRARY | 26/04/2010 | J B C, New Delhi | 250.00 | SI-4915 | 4 | 080 COA | 15182 | 21/01/2025 | 07/01/2025 | 11/03/2010 | Text Books | ||||||
| Dewey Decimal Classification | GENERAL | PIET C-LIBRARY | PIET C-LIBRARY | 26/04/2010 | J B C, New Delhi | 250.00 | SI-4915 | 080 COA | 15183 | 04/12/2019 | 11/03/2010 | Text Books | Price Paid | |||||||
| Dewey Decimal Classification | GENERAL | PIET C-LIBRARY | PIET C-LIBRARY | 26/04/2010 | J B C, New Delhi | 250.00 | SI-4915 | 5 | 080 COA | 15184 | 14/03/2023 | 14/03/2023 | 11/03/2010 | Text Books | 11/09/2023 | |||||
| Dewey Decimal Classification | GENERAL | PIET C-LIBRARY | PIET C-LIBRARY | 26/04/2010 | J B C, New Delhi | 250.00 | SI-4915 | 10 | 080 COA | 15185 | 18/12/2024 | 28/11/2024 | 11/03/2010 | Text Books | ||||||
| Dewey Decimal Classification | GENERAL | PIET C-LIBRARY | PIET C-LIBRARY | 26/04/2010 | J B C, New Delhi | 250.00 | SI-4915 | 2 | 080 COA | 15186 | 05/05/2022 | 23/04/2022 | 11/03/2010 | Text Books |